Stranger Things - Personnages par images #1 - Statistiques

Statistiques générales
  • Ce quiz a été pris 90 fois
  • Le résultat moyen est 12 sur 16
Statistiques - réponses
Par images Réponse % Correct
Barbara Holland
97%
Mike Wheeler
91%
Robin Buckley
91%
Nancy Wheeler
90%
Jim Hopper
88%
Steve Harrington
88%
Demogorgon
86%
Henry Creel
86%
Chrissy Cunningham
73%
Suzie Bingham
73%
Angela
71%
Vickie Dunne
68%
Ted Wheeler
65%
Terry Ives
47%
Alice Creel
42%
Becky Ives
16%
Aucun quiz correspondant
Distribution des résultats
% des personnes avec chaque résultat
Percentile par nombre de réponses
Votre historique - résultats
Vous n’avez pas pris ce quiz